Thomae Erpenii Grammatica arabica (Record no. 153677)

MARC details
000 -LEADER
campo de control de longitud fija 01960nam a2200361 i 4500
001 - NÚMERO DE CONTROL
campo de control 153677
003 - IDENTIFICADOR DE NÚMERO DE CONTROL
campo de control ES-MaACL
005 - FECHA Y HORA DE LA ÚLTIMA TRANSACCIÓN
campo de control 20260215175442.0
008 - DATOS DE LONGITUD FIJA--INFORMACIÓN GENERAL
campo de control de longitud fija 931025s1767 ne |||| | lat d
040 ## - FUENTE DE CATALOGACIÓN
Centro catalogador/agencia de origen CAM
Lengua de catalogación spa
Centro/agencia transcriptor PAB
100 1# - ENTRADA PRINCIPAL--NOMBRE DE PERSONA
Nombre de persona Erpenius, Thomas.
9 (RLIN) 47422
245 10 - MENCIÓN DEL TÍTULO
Título Thomae Erpenii Grammatica arabica
Resto del título : cum Fabulis Lokmani etc. : accedunt Excerpta anthologiae veterum arabiae poetarum, quae inscribitur Hamasa Abi Temmam ...c / edita, conversa et notis illustrata ab Alberto Schultens...
250 ## - MENCION DE EDICION
Mención de edición Editio secunda cum indice locupletiore.
260 ## - PUBLICACIÓN, DISTRIBUCIÓN, ETC.
Lugar de publicación, distribución, etc. Lugduni Batavorum :
Nombre del editor, distribuidor, etc. apud Samuelem et Joannem Luchtmans...,
Fecha de publicación, distribución, etc. 1767.
300 ## - DESCRIPCIÓN FÍSICA
Extensión [14], CXXXII, 603, [69] p. ;
Dimensiones 4º.
505 8# - NOTA DE CONTENIDO CON FORMATO
Nota de contenido con formato Contiene: Fabulae Lokmani sapientis et quaedam dicta arabum / cum interpretatione latina Thomae Erpenii, ejusdem notulis et stricturis Jacobi Golii, (p. [205]-275, con portadilla) ; Excerpta ex anthologia veterum poetarum quae inscribitur Hamasa Abi Temmam, ex ms. Biblioth. Academ. Lugd. Batav. edidit et notulis auxit Albertus Schultens, (p. [303]-603, con portadilla)
530 ## - NOTA DISPONIBLE DE FORMULARIO FÍSICO ADICIONAL
Nota de formato físico adicional disponible Disponible en formato digital.
546 ## - NOTA DE IDIOMA
Nota de lengua/lenguaje Texto en latín y árabe.
594 ## - Nota al título y mención de responsabilidad
Nota al título y mención de responsabilidad Mencion de los autores arabes tomada de BLC y NUC.
597 ## - NOTA DE DESCRIPCIÓN FÍSICA
NOTA DE DESCRIPCIÓN FÍSICA Sign.: a-r4, s², t4-¹, A-4P4.
597 ## - NOTA DE DESCRIPCIÓN FÍSICA
NOTA DE DESCRIPCIÓN FÍSICA Port. con grab. calc.
597 ## - NOTA DE DESCRIPCIÓN FÍSICA
NOTA DE DESCRIPCIÓN FÍSICA Esc. calc. en la dedicatoria.
650 #4 - PUNTO DE ACCESO ADICIONAL DE MATERIA--TÉRMINO DE MATERIA
Término de materia o nombre geográfico como elemento de entrada Lengua árabe-
Subdivisión general Gramática-
Subdivisión de forma Obras anteriores a 1800.
9 (RLIN) 155039
650 #7 - PUNTO DE ACCESO ADICIONAL DE MATERIA--TÉRMINO DE MATERIA
Término de materia o nombre geográfico como elemento de entrada Poesía árabe-
Subdivisión cronológica s. XVIII
Fuente del encabezamiento o término
9 (RLIN) 155246
700 1# - ENTRADA AGREGADA--NOMBRE PERSONAL
Nombre de persona Abu Tammam, Habib b. Aws al-Ta'i,
Fechas asociadas al nombre fl. 808-842
9 (RLIN) 155247
700 1# - ENTRADA AGREGADA--NOMBRE PERSONAL
Nombre de persona Lokman,
Títulos y otros términos asociados al nombre cel Sabio.
Título de la obra Fabulae.
9 (RLIN) 155248
700 1# - ENTRADA AGREGADA--NOMBRE PERSONAL
Nombre de persona Schultens, Albert,
Fechas asociadas al nombre 1686-1750
9 (RLIN) 155249
700 1# - ENTRADA AGREGADA--NOMBRE PERSONAL
Nombre de persona Golius, Jacobus.
9 (RLIN) 155250
852 ## - LOCALIZACIÓN
Ubicación ES-MaACL
Número de control de estantería R-351
Nota libre -- Enc. pasta española
Encuadernación Olim: B-5689
856 ## - LOCALIZACIÓN Y ACCESO ELECTRÓNICOS
Identificador Uniforme de Recursos <a href="http://bdh-rd.bne.es/viewer.vm?id=0000113283&page=1 ">http://bdh-rd.bne.es/viewer.vm?id=0000113283&page=1 </a>
Nota pública Biblioteca Digital Hispánica
Holdings
Estatus retirado Estado de pérdida Estado de daño No para préstamo Colección Biblioteca de origen Biblioteca actual Ubicación en estantería Fecha de adquisición Fuente de adquisición Total de préstamos Signatura topográfica completa Código de barras Visto por última vez Precio de reemplazo Tipo de ítem Koha
        Colección digital Biblioteca del Ateneo de Madrid Biblioteca del Ateneo de Madrid Depósito 17/01/2008     R-351 1160658 23/02/2023 23/02/2023 Libro impreso antiguo